| 000 | 00579nam a22001577a 4500 | ||
|---|---|---|---|
| 008 | 230713b |||||||| |||| 00| 0 eng d | ||
| 040 |
_aNational Science Library _cNational Science Library |
||
| 080 |
_aT 54.057:547.582 _bM8 |
||
| 100 | _aSen, A K | ||
| 245 |
_aStudies on the synthesis of nadic anhydride _c/ Defence Materials & Stores Research & Development Establishment |
||
| 260 |
_aKanpur: _bDefence Materials & Stores Research & Development Establishment, _c1988 |
||
| 300 | _a20p. | ||
| 650 | _aDefence materials | ||
| 653 | _aStores research | ||
| 942 |
_2udc _cREP |
||
| 999 |
_c53515 _d53515 |
||